000 01411nam a2200313 a 4500
005 2010040505255.0
008 081231s2009 ii a 000 0 eng d
010 _aB-379451
020 _a9788187107637
_c4995.00
035 _aB-379451
035 _aB-368616
037 _bUBH
037 _bUBH
040 _adpl
_bEnglish
082 _a954.16
100 _aRai, Raghu,
_d1942-
245 _aDelhi, contrasts & confluences /
_cRaghu Rai ; introduction, William Dalrymple
246 _aDelhi, contrasts and confluences
260 _aNew Delhi
_bOm Books International
_cc2009
300 _a160 p. :
_bchiefly col. ill.
_c32 x 42 cm.
520 _aChiefly pictorial work on Delhi, India.
651 _aDelhi (India)
_vPictorial works.
651 _aDelhi (India)
_xSocial life and customs.
942 _2ddc
_cRF
_h954.16
_mRAI
999 _c35080
_d35080